| 000 | 01688cam a2200421 i 4500 | ||
|---|---|---|---|
| 001 | 200462357 | ||
| 003 | TR-AnTOB | ||
| 005 | 20251230091025.0 | ||
| 007 | ta | ||
| 008 | 240829s2021 tu d b 000 0 tur d | ||
| 020 |
_a9789754915105 _q(paperback) |
||
| 035 | _a(TR-AnTOB)200462357 | ||
| 040 |
_aT9K _beng _erda _cT9K _dTR-AnTOB |
||
| 041 | 0 | _atur | |
| 060 |
_aWA 900 JT8 _bT939 2021 |
||
| 096 |
_aWA900 JT8 _bT939 2021 |
||
| 245 | 0 | 0 |
_a2018 Türkiye nüfus ve sağlık araştırması ileri analiz çalışması : _bTürkiye'de ve Suriyeli sığınmacılarda anne çocuk sağlığı hizmetlerinin kullanımı ve riskli gebelikler. |
| 246 | 0 | 0 | _aTürkiye'de ve Suriyeli sığınmacılarda anne çocuk sağlığı hizmetlerinin kullanımı ve riskli gebelikler |
| 264 | 1 |
_aAnkara : _bHacettepe Üniversitesi Nüfus Etütleri Enstitüsü, _c2021. |
|
| 300 |
_avi, 124 pages : _btables, graphics ; _c28 cm |
||
| 336 |
_atext _btxt _2rdacontent |
||
| 337 |
_aunmediated _bn _2rdamedia |
||
| 338 |
_avolume _bnc _2rdacarrier |
||
| 500 | _a"Yayın no: NEE-HÜ, 21.01" | ||
| 504 | _aBIB | ||
| 650 | 2 |
_aHealth Surveys _xstatistics & numerical data _9117235 |
|
| 650 | 2 |
_aHealth Status Indicators _9117251 |
|
| 650 | 2 |
_aPregnancy _95632 |
|
| 650 | 2 |
_aMaternal Health Services _9140634 |
|
| 651 | 0 |
_aTurkey _9119714 |
|
| 653 | 0 | _aChild Health Services | |
| 655 | 7 |
_aStatistics _2lcgft _9117237 |
|
| 710 | 2 |
_aHacettepe Üniversitesi. _bNüfus Etütleri Enstitüsü _9137521 |
|
| 710 | 1 |
_aTürkiye. _bCumhurbaşkanlığı. _bStrateji ve Bütçe Başkanlığı _9122940 |
|
| 710 | 2 |
_aTürkiye Cumhuriyeti. _bSağlık Bakanlığı _991958 |
|
| 942 |
_2NLM _cBK |
||
| 999 |
_c200462357 _d80569 |
||